000 00878nab a2200265 u 4500
001 20648
003 HDC
007 cr bn ---aaaaa
008 210306c mydr|nes 0 a eng d
040 _aHDC
100 _aMohd Zaky Zainuddin
_eauthor
_97645
245 0 _aMIDF tawar dana khas bantu PKS terjejas bah/
_cby Mohd Zaky Zainuddin
260 _aMalaysia :
_bBERITA HARIAN ,
_c2014
300 _a2 pages
336 _atext
_2rdacontent
337 _acomputer
_2rdamedia
338 _aonline resource
_2rdacarrier
650 _asmall and medium enterprise
_98448
650 _atrade sectors
_918575
710 _aBERITA HARIAN
856 _zRequest full-text at [email protected]
942 _2lcc
942 _cNEWS
942 _kNWSC 010307
999 _c17964
_d17964